000 00508nam a2200205Ia 4500
003 OSt
005 20220926045319.0
006 a|||||r|||| 00| 0
007 ta
008 220923b |||||||| |||| 00| 0 eng d
037 _cGeneral Book
040 _aRTL
_cRTL
_beng
041 _2eng
_aeng
082 _aX:93, F7
100 _aRichardson J H
_9127401
245 0 _aStudy on th minimum wage
260 _c1927
942 _hX:93, F7
_cGB
_2CC
999 _c677270
_d677270